000 00453nam a2200193Ia 4500
005 20240823051204.0
008 240823s9999||||xx |||||||||||||| ||und||
020 _a978-81-264-3445-9
041 _aMALAYALAM
082 _A823.0872 Q2
100 _aErle Stanley Gardner
245 0 _aMarakamaya Kalippattam
250 _a1st
260 _c2012
_b"D C Books,Kot"
500 _aYES
650 _aFiction
_bGeneral
942 _cBK
999 _c219001
_d219001